000 00961cab a2200241 4500
001 ABS60005
008 090401t1999 xxu||||| |||| 00| 0 eng d
035 _a(Sirsi) u90900
041 _aeng
245 _aHow county courts work
260 _c1999
350 _a0
490 _aEstates Gazette
_v(9903) 23 January 1999, 134-135(2)
520 _aA `Mainly for Students` article looking at the county court system, which is becoming increasingly important in the field of landlord and tenant law. Discusses the arbitration procedure used for small claims, how this differs from commercial or rent review arbitration, contracting out, and the appeals system.
650 _aAPPEALS
650 _aMANAGEMENT-DISPUTE AVOIDANCE, MANAGEMENT AND RESOLUTION-DISPUTE MANAGEMENT AND RESOLUTION-ARBITRATION
650 _aCOUNTY COURT PROCEDURE
650 _aCOUNTY COURTS
650 _aLEGAL PROCEDURE
690 _aLAW
942 _n0
948 _c26/01/1999
999 _c57662
_d57662